[Event "Regionalliga NO 0607"]
[Site "Bayern"]
[Date "2007.02.04"]
[Round "5.8"]
[White "Dotzauer, Ernst"]
[Black "Woerle, Heinrich"]
[Result "1-0"]
[WhiteElo "1812"]
[BlackElo "1942"]
[PlyCount "67"]
[EventDate "2006.10.15"]
[EventType "team-tourn"]
[EventRounds "9"]
[EventCountry "GER"]
[SourceTitle "EXT 2008"]
[Source "ChessBase"]
[SourceDate "2007.11.25"]
[SourceVersion "1"]
[SourceVersionDate "2007.11.25"]
[SourceQuality "1"]
[WhiteTeam "Schwandorf"]
[BlackTeam "Gunzenhausen"]
[WhiteTeamCountry "GER"]
[BlackTeamCountry "GER"]

1. d4 d5 2. Nf3 Nf6 3. Bg5 e6 4. e3 Nbd7 5. c3 Be7 6. Bd3 0-0 7. Nbd2 Re8 8. Qc2 h6 9. h4 Bd6 10. Bxf6 Nxf6 11. 0-0-0 c5 12. Ne5 c4 13. Be2 Bxe5 14. dxe5 Nd7 15. f4 b5 16. g4 b4 17. cxb4 Qb6 18. Qc3 a5 19. a3 axb4 20. axb4 Bb7 21. Rh3 Bc6 22. g5 hxg5 23. hxg5 g6 24. Rdh1 Kf8 25. Rh8+ Ke7 26. Rxe8+ Rxe8 27. Rh7 Rb8 28. Nf3 Qxb4 29. Qxb4+ Rxb4 30. Nd4 Ba4 31. Bd1 Nb8 32. Bxa4 Rxa4 33. Rh8 Rb4 34. Rxb8 1-0

[Event "Regionalliga NO 0203"]
[Site "Bayern"]
[Date "2003.02.23"]
[Round "7.7"]
[White "Woerle, Heinrich"]
[Black "Palamar, Mujo"]
[Result "1/2-1/2"]
[WhiteElo "1901"]
[BlackElo "1805"]
[PlyCount "134"]
[EventDate "2002.10.20"]
[EventType "team-tourn"]
[EventRounds "9"]
[EventCountry "GER"]
[SourceTitle "EXT 2004"]
[Source "ChessBase"]
[SourceDate "2003.11.25"]
[SourceVersion "1"]
[SourceVersionDate "2003.11.25"]
[SourceQuality "1"]
[WhiteTeam "Gunzenhausen"]
[BlackTeam "Regensburg Bavaria"]
[WhiteTeamCountry "GER"]
[BlackTeamCountry "GER"]

1. d4 d5 2. c4 e6 3. Nf3 h6 4. e3 b6 5. Nc3 Bb7 6. Bd3 Nf6 7. 0-0 Nbd7 8. b3 Bd6 9. Bb2 0-0 10. Rc1 Qe7 11. Nb5 c5 12. Nxd6 Qxd6 13. Qe2 Ne4 14. Rfd1 f5 15. Nd2 Ndf6 16. f3 Ng5 17. cxd5 Bxd5 18. dxc5 bxc5 19. h4 Ngh7 20. e4 Qb6 21. Qe3 fxe4 22. Bxe4 Rac8 23. Nc4 Bxc4 24. Rxc4 Qa6 25. Ra4 Qb6 26. Rc1 Rfd8 27. Rac4 Nd7 28. Re1 Nhf6 29. Bg6 Rc6 30. Rd1 Rd6 31. Rxd6 Qxd6 32. Bc2 e5 33. Ba3 Nd5 34. Qf2 N5b6 35. Bxc5 Qd5 36. Bxb6 axb6 37. Be4 Qd1+ 38. Kh2 Nc5 39. Bc2 Qd6 40. Qg3 Ne6 41. Rg4 Qc7 42. Rc4 Qd6 43. Qg6 e4+ 44. Kg1 exf3 45. Qh7+ Kf7 46. Qf5+ Kg8 47. Qxf3 Rf8 48. Qe4 b5 49. Qh7+ Kf7 50. Rg4 Qc5+ 51. Kh2 Qe5+ 52. Rg3 Ke7 53. Qe4 Qxe4 54. Bxe4 Rf4 55. Bd5 Rxh4+ 56. Kg1 Ng5 57. a3 Rd4 58. Bc6 b4 59. a4 Kd6 60. Bb5 Rd1+ 61. Kh2 Rd4 62. Bc4 Rh4+ 63. Kg1 Kc5 64. Re3 Re4 65. Rd3 Rd4 66. Re3 Re4 67. Rd3 Rd4 1/2-1/2

[Event "Regionalliga NO 0203"]
[Site "Bayern"]
[Date "2003.01.26"]
[Round "5.8"]
[White "Freydman, Semen"]
[Black "Woerle, Heinrich"]
[Result "0-1"]
[WhiteElo "1674"]
[BlackElo "1901"]
[PlyCount "90"]
[EventDate "2002.10.20"]
[EventType "team-tourn"]
[EventRounds "9"]
[EventCountry "GER"]
[SourceTitle "EXT 2004"]
[Source "ChessBase"]
[SourceDate "2003.11.25"]
[SourceVersion "1"]
[SourceVersionDate "2003.11.25"]
[SourceQuality "1"]
[WhiteTeam "Erlangen"]
[BlackTeam "Gunzenhausen"]
[WhiteTeamCountry "GER"]
[BlackTeamCountry "GER"]

1. d4 Nf6 2. c4 g6 3. Nc3 d5 4. e3 Bg7 5. Nf3 Bg4 6. Bd3 c6 7. h3 Bxf3 8. Qxf3 0-0 9. cxd5 cxd5 10. 0-0 Nc6 11. a3 Rc8 12. Bd2 Na5 13. Qd1 Nc4 14. Bc1 e6 15. b3 Nxe3 16. fxe3 Rxc3 17. Bb2 Rc7 18. Rc1 Rxc1 19. Qxc1 Qd7 20. Qd2 Ne8 21. Qa5 b6 22. Qb4 Nd6 23. a4 Rd8 24. Qd2 Bh6 25. Rf3 Nf5 26. g4 Nd6 27. Qg2 Qe7 28. Qh2 Ne4 29. h4 Qb4 30. Qc2 Qe1+ 31. Kg2 Bxe3 32. Bxe4 dxe4 33. Qxe4 Qd2+ 34. Kh3 Qxb2 35. Rxe3 Qxd4 36. Qf3 Kg7 37. g5 Rd5 38. Re4 Qa1 39. Qe2 Qd1 40. Qb2+ e5 41. Re3 Qh1+ 42. Kg3 Rd4 43. Rxe5 Qxh4+ 44. Kg2 Rg4+ 45. Kf1 Qh1+ 0-1

[Event "Regionalliga NO 0102"]
[Site "Bayern"]
[Date "2002.04.14"]
[Round "8.8"]
[White "Tobisch, Manfred"]
[Black "Woerle, Heinrich"]
[Result "1-0"]
[WhiteElo "1885"]
[BlackElo "1900"]
[PlyCount "103"]
[EventDate "2001.10.07"]
[EventType "team-tourn"]
[EventRounds "9"]
[EventCountry "GER"]
[SourceTitle "EXT 2003"]
[Source "ChessBase"]
[SourceDate "2002.11.25"]
[SourceVersion "1"]
[SourceVersionDate "2002.11.25"]
[SourceQuality "1"]
[WhiteTeam "Weiden"]
[BlackTeam "Gunzenhausen"]
[WhiteTeamCountry "GER"]
[BlackTeamCountry "GER"]

1. e4 c6 2. d4 d5 3. exd5 cxd5 4. c4 e6 5. Nf3 Nf6 6. Nc3 Be7 7. c5 0-0 8. Bd3 b6 9. b4 bxc5 10. bxc5 Nc6 11. 0-0 Ne8 12. Bb5 Bb7 13. Bxc6 Bxc6 14. Ne5 Qc8 15. Rb1 Nf6 16. Qb3 h6 17. Be3 Nd7 18. Nxc6 Qxc6 19. Qb7 Rfc8 20. Qxc6 Rxc6 21. Rb7 Rd8 22. Rxa7 Bf6 23. Rc1 Nxc5 24. Nxd5 exd5 25. Rxc5 Rxc5 26. dxc5 d4 27. Bd2 d3 28. c6 Rc8 29. Ra6 Be5 30. g3 Rb8 31. Ra5 Bc7 32. Ra3 Rb2 33. Rxd3 Rxa2 34. Rd7 Rc2 35. Rxc7 Rxd2 36. Rd7 Rc2 37. c7 Kh7 38. Rxf7 Kg6 39. Rd7 Kf6 40. Kg2 h5 41. h4 g6 42. Kf3 Ke6 43. Rg7 Kf6 44. Rh7 Ke5 45. Ke3 Rc3+ 46. Kd2 Rc6 47. Kd3 Rc1 48. f3 Rc6 49. g4 hxg4 50. fxg4 Kf4 51. h5 g5 52. Rf7+ 1-0

[Event "Mittelfranken-ch HT 50th"]
[Site "Buechenbach"]
[Date "2001.??.??"]
[Round "4"]
[White "Woerle, Heinrich"]
[Black "Finster, Michael"]
[Result "0-1"]
[WhiteElo "1865"]
[BlackElo "2108"]
[PlyCount "50"]
[EventDate "2001.04.10"]
[EventType "swiss"]
[EventRounds "9"]
[EventCountry "GER"]
[SourceTitle "EXT 2011"]
[Source "ChessBase"]
[SourceDate "2010.11.26"]
[SourceVersion "1"]
[SourceVersionDate "2010.11.26"]
[SourceQuality "1"]

1. d4 f5 2. c4 Nf6 3. Nc3 g6 4. b3 Bg7 5. Bb2 0-0 6. Qc2 d6 7. e3 Nc6 8. a3 e5 9. d5 Ne7 10. f3 c6 11. 0-0-0 Bh6 12. Qf2 Qb6 13. Rd3 Qxb3 14. dxc6 bxc6 15. Qh4 Kg7 16. Nb5 Bxe3+ 17. Kb1 Qxd3+ 18. Bxd3 cxb5 19. cxb5 Be6 20. Ne2 Ned5 21. g4 fxg4 22. fxg4 Bxg4 23. Nc3 Nf4 24. Be4 Rac8 25. h3 Be6 0-1

[Event "Regionalliga NO 9899"]
[Site "Bayern"]
[Date "1999.??.??"]
[Round "4.8"]
[White "Woerle, Heinrich"]
[Black "Huettl, Guenther"]
[Result "0-1"]
[WhiteElo "1825"]
[BlackElo "2020"]
[PlyCount "72"]
[EventDate "1998.??.??"]
[EventType "team-tourn"]
[EventRounds "9"]
[EventCountry "GER"]
[SourceTitle "EXT 2020"]
[Source "ChessBase"]
[SourceDate "2019.10.17"]
[SourceVersion "1"]
[SourceVersionDate "2019.10.17"]
[SourceQuality "1"]
[WhiteTeam "Gunzenhausen"]
[BlackTeam "Regensburg Fortuna II"]
[WhiteTeamCountry "GER"]
[BlackTeamCountry "GER"]

1. Nf3 d5 2. c4 c6 3. cxd5 cxd5 4. d4 Nc6 5. Nc3 Nf6 6. g3 h6 7. Bg2 e6 8. 0-0 Bd6 9. Bf4 0-0 10. Bxd6 Qxd6 11. e3 Bd7 12. Re1 Rfd8 13. a3 Rac8 14. Rc1 Be8 15. Re2 Nd7 16. e4 dxe4 17. Nxe4 Qb8 18. Rd2 Nb6 19. Nc5 Nd5 20. Ne1 Nce7 21. Ne4 Nf5 22. Nc3 Bc6 23. Nxd5 Bxd5 24. Rxc8 Qxc8 25. Bxd5 Rxd5 26. f4 b5 27. Nf3 Rd6 28. g4 Ne3 29. Qe2 Nxg4 30. Qxb5 Ne3 31. Kf2 Nd5 32. Kg3 Rb6 33. Qd3 Qb8 34. Qe4 Rxb2 35. Rxb2 Qxb2 36. f5 Qxa3 0-1